[Event "IND-ch U15"]
[Site "Kolkata"]
[Date "2018.07.18"]
[Round "2"]
[White "Kushagra, Mohan"]
[Black "Bartakke, Aditya"]
[Result "1-0"]
[WhiteElo "2309"]
[BlackElo "1670"]
[PlyCount "149"]
[EventDate "2018.07.17"]
[EventType "swiss"]
[EventRounds "11"]
[EventCountry "IND"]
[SourceTitle "CBM 186 Extra"]
[Source "ChessBase"]
[SourceDate "2018.08.24"]
[SourceVersion "1"]
[SourceVersionDate "2018.08.24"]
[SourceQuality "1"]

1. e4 c5 2. Nf3 d6 3. d4 cxd4 4. Nxd4 Nf6 5. Nc3 Nc6 6. Bg5 e6 7. Qd2 Be7 8. 0-0-0 a6 9. f4 Bd7 10. Nf3 Qc7 11. Kb1 b5 12. e5 dxe5 13. fxe5 Ng8 14. Ne4 f6 15. Nd6+ Bxd6 16. exd6 Qa5 17. Be3 Qxd2 18. Rxd2 f5 19. c4 bxc4 20. Bxc4 h6 21. Nd4 Nxd4 22. Bxd4 Nf6 23. Re1 Ne4 24. Rde2 Kf7 25. g4 Bb5 26. Bxb5 axb5 27. Be5 Rhd8 28. Rc1 Rd7 29. Rf1 Nxd6 30. Rd2 Ke7 31. Rfd1 Rad8 32. Bxg7 fxg4 33. Bxh6 Ne4 34. Rxd7+ Rxd7 35. Rg1 Rd4 36. Bg7 Rc4 37. b3 Nd2+ 38. Kb2 Re4 39. Kc3 Nf3 40. Kd3 Rf4 41. Ke3 e5 42. Rc1 Rf7 43. Rc7+ Ke6 44. Rxf7 Kxf7 45. Bh8 Ke6 46. h3 Nh2 47. h4 Nf3 48. h5 Nh4 49. a4 bxa4 50. bxa4 Nf5+ 51. Kf2 Nd6 52. a5 Ne4+ 53. Kg2 Nc5 54. h6 Kf7 55. Bxe5 Kg6 56. Bg7 Na6 57. Kg3 Nc5 58. Kxg4 Na6 59. Kf4 Nb8 60. Ke4 Na6 61. Kd5 Nb4+ 62. Kc4 Na6 63. Kb5 Nc7+ 64. Kb6 Nd5+ 65. Kb7 Nb4 66. a6 Nxa6 67. Kxa6 Kh7 68. Kb5 Kg6 69. Kc4 Kh7 70. Kd5 Kg6 71. Ke5 Kh7 72. Kf5 Kg8 73. Kg5 Kh7 74. Bc3 Kg8 75. Kg6 1-0

[Event "Mumbai Wealth op U13"]
[Site "Mumbai"]
[Date "2016.02.01"]
[Round "5"]
[White "Bartakke, Aditya"]
[Black "Mullick, Raahil"]
[Result "0-1"]
[WhiteElo "1219"]
[BlackElo "1584"]
[PlyCount "60"]
[EventDate "2016.01.28"]
[EventType "swiss"]
[EventRounds "9"]
[EventCountry "IND"]
[SourceTitle "CBM 170 Extra"]
[Source "ChessBase"]
[SourceDate "2016.02.25"]
[SourceVersion "1"]
[SourceVersionDate "2016.02.25"]
[SourceQuality "1"]

1. e4 e5 2. Nf3 Nc6 3. Bc4 Bc5 4. c3 Nf6 5. d3 d6 6. Bb3 Be6 7. Bc2 h6 8. Nbd2 Ng4 9. 0-0 Bxf2+ 10. Kh1 Ne3 11. Qe2 Nxf1 12. Qxf2 Nxd2 13. Bxd2 0-0 14. Qg3 Kh8 15. d4 exd4 16. cxd4 d5 17. e5 Qd7 18. Bxh6 gxh6 19. Qh4 Kg8 20. Qxh6 Bf5 21. Qg5+ Bg6 22. e6 Qxe6 23. Re1 Qd6 24. Nh4 Rae8 25. Rf1 Qe7 26. Qg3 Qe2 27. Rc1 Qe3 28. Qxe3 Rxe3 29. Nxg6 fxg6 30. Bxg6 Rf6 0-1